000
00296nam a22001337a 4500
008
181023b xxu||||| |||| 00| 0 eng d
020
_a
0814117538
041
_a
eng
080
_a
371
100
_a
46
101
_a
EDU
245
_a
Focus on Collaborative Learning
_c
Gloub,J
942
_2
udc
_c
BK
999
_c
50713
_d
50713